| 000 | 03397nam a22003257a 4500 | ||
|---|---|---|---|
| 005 | 20170811121004.0 | ||
| 008 | 130417s1622 it ||||fr|||| 001 0 lat d | ||
| 040 |
_aCO-BoUCM _bspa _cSandra Yazo (modificó) _dSandra Yazo (modificó) |
||
| 041 | 0 | _alat | |
| 082 | 0 | 4 |
_220 _a340.54 |
| 092 | _aE25N057 | ||
| 100 | 1 |
_aMaino, Giasone dal _d1435-1519 _935846 |
|
| 242 | 0 | 0 |
_aComentarios a la primera parte del Código [de Justiniano]. _bCon notas de ilustres doctores, los celebrados Purpurati, Bellacomba, Panciroli, Trotti y Menochio; que se complementaron con las sabias adiciones de Juan Francisco Bonavoglia y -más recientemente- con las explicaciones y disquisiciones de Juan Luis Ricci. Corregida cuidadosamente y restituida a su pureza primitiva. _yspa _cpor Jasón de Maino |
| 245 | 1 | 0 |
_cIasonis Mayni mediol ... _aIn Secundam Codicis Partem Commentaria _bCum adnotationibus insignium doctorum, Purpurati, Bellacombae, Panciroli, Trotti, Masueri et Menochii. Quibus accesserunt doctissimae additionis D. Ioan. Francisci Bonavoglia ... Novissime vero additiones et lucubrationes selectissimae D. Ioannis Aloysii Ricci ... Summa diligentia et fide emendata et suo candore restituta. |
| 246 | 1 | 3 | _aRepertorium locupletissimum et reformatum, in omnia lasonis Mayni Mediol ... Comentaria. Serie alphabetica … |
| 260 |
_aVenetiis [Venecia] (Italia) _bApud Iuntas [Taller de los Giunta] _c1622 |
||
| 300 |
_a2 obras en el volumen (188, 26, 6 ; [300] páginas _c42 x 28 cm. |
||
| 500 | _aDetalles físicos: Encuadernación flexible en pergamino. Tapas y lomo arrugas, manchas y la posterior con roturas. Guardas desprendidas y rotas. Incluye dos portadas, la primera impresa en dos tintas con un grabado de la flor de lis, la segunda portada impresa en una sola tinta con el mismo grabado. Algunas mayúsculas capitales. Texto impreso en dos columnas con caracteres romanos. Párrafos marcados con números y letras. Márgenes amplios. Reclamos y signaturas. Colofón y registro de cuadernillos. Incluye una segunda portada. Papel con manchas de humedad, ultimas hojas con dobleces. Segunda obra sin paginar ni foliar. Perteneció a la biblioteca de Fray Cristóbal de Torres | ||
| 505 | 0 | _aLos siervos fugitivos ; Quienes pueden ser admitidos a la posesión de los bienes ; Cuando las partes de aquellos que no reclaman incrementan las de los que sí lo hacen ; El edicto sucesorio ; El edicto Carboniano ; Los bienes de marido y mujer ; Los subsidios ; Los testamentos de quienes pertenecen a la milicia ; Quiénes pueden hacer testamento ; Los testamentos ; Cómo se establecen los herederos ; Sustitución de herederos ; Cómo se abre el testamento ; El edicto del Emperador Adriano ; Los legados ; La significación de los términos ; Los fideicomisos -- Adiciones de Juan Francisco Bonavoglia a los comentarios de Jasón de Maino ; Adiciones de Juan Luis Ricci a los comentarios de Jasón de Maino | |
| 506 | _aConsulta en sala | ||
| 546 | _aTexto en latín | ||
| 630 | 0 |
_aCorpus Iuris Civilis -- Código _xComentarios _986771 |
|
| 650 | 7 |
_aDerecho romano _xFuentes _963971 |
|
| 650 | 7 |
_aDerecho romano _xObras anteriores a 1800 _929420 |
|
| 690 |
_aDerecho romano _912827 |
||
| 700 | 1 |
_aPorporato, Giovanni Francesco _d1485 -1544 _931291 |
|
| 700 | 1 |
_aBellacomba, Giovanni _986738 |
|
| 700 | 1 |
_aPanciroli, Guido _d1523 - 1599 _961789 |
|
| 942 |
_cLIBRO _e1 _2LOCAL _hE25N057 |
||
| 999 |
_c166231 _d166231 |
||